[Event "Aragon-chT Preferente Gr II"]
[Site "Aragon"]
[Date "2023.02.11"]
[Round "3.70"]
[White "Abos Rosico, Antonio"]
[Black "Bruna Barranco, Ignacio"]
[Result "1-0"]
[WhiteElo "2077"]
[BlackElo "1618"]
[PlyCount "57"]
[EventDate "2023.01.28"]
[EventType "team-tourn"]
[EventRounds "9"]
[EventCountry "ESP"]
[SourceTitle "EXT 2024"]
[Source "ChessBase"]
[SourceDate "2023.10.10"]
[SourceVersion "1"]
[SourceVersionDate "2023.10.10"]
[SourceQuality "1"]
[WhiteTeam "Actur Rey Fernando"]
[BlackTeam "Palacio de Pioneros III"]
[WhiteTeamCountry "ESP"]
[BlackTeamCountry "ESP"]

1. e4 c6 2. d4 d5 3. exd5 cxd5 4. Bd3 Nc6 5. c3 Nf6 6. h3 e6 7. Nf3 Bd6 8. 0-0 h6 9. Re1 Qc7 10. Qe2 Nd7 11. Nbd2 0-0 12. Nf1 b6 13. Ne3 Nf6 14. Ng4 Nxg4 15. hxg4 Bf4 16. g5 hxg5 17. Nxg5 Bxg5 18. Bxg5 f5 19. Qh5 Qf7 20. Qh4 a6 21. Re3 Qg6 22. Rh3 Bd7 23. Be2 f4 24. Bd3 Rf5 25. Bxf4 Raf8 26. Bd6 e5 27. Qh8+ Kf7 28. Qxf8+ Ke6 29. Bxf5+ 1-0

[Event "Aragon-chT Preferente Gr II"]
[Site "Aragon"]
[Date "2023.02.04"]
[Round "2.54"]
[White "Artal Alegria, Francisco Javier"]
[Black "Bruna Barranco, Ignacio"]
[Result "1-0"]
[WhiteElo "1745"]
[BlackElo "1618"]
[PlyCount "125"]
[EventDate "2023.01.28"]
[EventType "team-tourn"]
[EventRounds "9"]
[EventCountry "ESP"]
[SourceTitle "EXT 2024"]
[Source "ChessBase"]
[SourceDate "2023.10.10"]
[SourceVersion "1"]
[SourceVersionDate "2023.10.10"]
[SourceQuality "1"]
[WhiteTeam "Las Fuentes II"]
[BlackTeam "Palacio de Pioneros III"]
[WhiteTeamCountry "ESP"]
[BlackTeamCountry "ESP"]

1. e4 c6 2. d3 d5 3. Nd2 e5 4. Ngf3 Bg4 5. h3 Bxf3 6. Qxf3 Nf6 7. g4 h6 8. Bg2 d4 9. 0-0 Bb4 10. Nc4 Nbd7 11. a3 Be7 12. Qg3 Qc7 13. f4 exf4 14. Bxf4 Qd8 15. Bc7 Qc8 16. Nd6+ Bxd6 17. Bxd6 Nf8 18. Qf2 Qd7 19. e5 N6h7 20. Qxd4 Ne6 21. Qf2 f6 22. d4 fxe5 23. dxe5 Nhg5 24. Rad1 Nf7 25. Be4 Neg5 26. Bf5 Nxh3+ 27. Kg2 Nxf2 28. Bxd7+ Kxd7 29. Rxf2 Nxd6 30. Rxd6+ Ke7 31. c4 Rhf8 32. Rfd2 Rad8 33. c5 a6 34. Kg3 g6 35. Rh2 Rh8 36. Kf4 Rhf8+ 37. Ke4 Rh8 38. Rxg6 Rd1 39. Rhxh6 Re1+ 40. Kf5 Rf8+ 41. Rf6 Rf1+ 42. Kg5 Rg8+ 43. Rhg6 Rxg6+ 44. Kxg6 Rc1 45. b4 a5 46. Rf7+ Ke6 47. Rxb7 axb4 48. axb4 Kxe5 49. g5 Rg1 50. Rc7 Kd5 51. Kf6 Rg4 52. Rb7 Rf4+ 53. Kg7 Ke6 54. g6 Rg4 55. Rb6 Kd7 56. b5 cxb5 57. Rxb5 Kc6 58. Ra5 Rg1 59. Kf8 Kd7 60. Ra7+ Ke6 61. Re7+ Kf6 62. Rf7+ Ke6 63. g7 1-0

[Event "Aragon-chT Preferente Gr II"]
[Site "Aragon"]
[Date "2022.02.26"]
[Round "5.72"]
[White "Munoz Valles, Jorge"]
[Black "Bruna Barranco, Ignacio"]
[Result "1-0"]
[WhiteElo "1851"]
[BlackElo "1604"]
[PlyCount "113"]
[EventDate "2022.01.29"]
[EventType "team-tourn"]
[EventRounds "9"]
[EventCountry "ESP"]
[SourceTitle "EXT 2024"]
[Source "ChessBase"]
[SourceDate "2023.10.10"]
[SourceVersion "1"]
[SourceVersionDate "2023.10.10"]
[SourceQuality "1"]
[WhiteTeam "El Olivar II"]
[BlackTeam "Palacio de Pioneros III"]
[WhiteTeamCountry "ESP"]
[BlackTeamCountry "ESP"]

1. d4 d5 2. c4 c6 3. Nf3 Nf6 4. Nc3 dxc4 5. a4 Bf5 6. e3 e6 7. Bxc4 Bb4 8. 0-0 Nbd7 9. Qe2 Bg4 10. e4 Nb6 11. Rd1 Bxc3 12. bxc3 Bxf3 13. gxf3 Nxc4 14. Qxc4 Qd7 15. Ba3 h5 16. Kh1 g5 17. Rg1 Rg8 18. Qc5 g4 19. e5 Nd5 20. fxg4 b6 21. gxh5 Rh8 22. Qd6 Qxd6 23. Bxd6 Nxc3 24. Rg4 Rd8 25. Re1 Nd5 26. Rh4 Kd7 27. Rg1 Rh7 28. h6 Ne7 29. Rg7 Rdh8 30. Bxe7 Kxe7 31. Rf4 Rxg7 32. hxg7 Rg8 33. Rg4 f5 34. Rg3 Kf7 35. h3 Rxg7 36. Rc3 Rh7 37. Kg2 Rh4 38. Rxc6 Rxd4 39. Rc7+ Kg6 40. Rxa7 Re4 41. Ra6 Rxe5 42. Rxb6 f4 43. Kf3 Kf6 44. Rb5 Re1 45. Kxf4 e5+ 46. Kf3 Kf5 47. Rb8 Ra1 48. Ra8 e4+ 49. Ke2 Ra2+ 50. Ke3 Ra3+ 51. Kd4 Rd3+ 52. Kc4 Rxh3 53. a5 Rf3 54. Rf8+ Kg4 55. Rxf3 exf3 56. a6 Kh3 57. Kd4 1-0

[Event "Aragon-chT Preferente Gr II"]
[Site "Aragon"]
[Date "2022.02.12"]
[Round "3.67"]
[White "Delgado Pascual, Hugo"]
[Black "Bruna Barranco, Ignacio"]
[Result "0-1"]
[WhiteElo "1704"]
[BlackElo "1604"]
[PlyCount "112"]
[EventDate "2022.01.29"]
[EventType "team-tourn"]
[EventRounds "9"]
[EventCountry "ESP"]
[SourceTitle "EXT 2024"]
[Source "ChessBase"]
[SourceDate "2023.10.10"]
[SourceVersion "1"]
[SourceVersionDate "2023.10.10"]
[SourceQuality "1"]
[WhiteTeam "Enroque Barbastro"]
[BlackTeam "Palacio de Pioneros III"]
[WhiteTeamCountry "ESP"]
[BlackTeamCountry "ESP"]

1. e4 c6 2. d4 d5 3. exd5 cxd5 4. c4 Nf6 5. Nf3 Nc6 6. Nc3 a6 7. Be3 Bg4 8. Be2 e6 9. 0-0 Be7 10. Qb3 0-0 11. h3 Bxf3 12. gxf3 Na5 13. Qa4 dxc4 14. Qc2 b5 15. a4 Nb3 16. Rad1 Nd5 17. axb5 Nxc3 18. bxc3 axb5 19. Qe4 Ra2 20. Bf4 Bg5 21. Kh1 Rxe2 22. Qxe2 Bxf4 23. Rg1 Qh4 24. Kg2 Rd8 25. Qa2 Rd5 26. Rh1 h6 27. Qa8+ Kh7 28. Qa2 Qg5+ 29. Kf1 Nd2+ 30. Ke2 Qg2 31. Qc2+ g6 32. Rxd2 Bxd2 33. Ra1 Bg5 34. Ra7 Rf5 35. Qe4 Qxh3 36. Qc6 Bh4 37. Qe4 Qh2 38. Qe3 Qf4 39. Qxe6 Qxf3+ 40. Kd2 Qxf2+ 41. Kc1 Qe1+ 42. Qxe1 Bxe1 43. Kc2 h5 44. Re7 Rf2+ 45. Kb1 Bxc3 46. d5 Rf6 47. Rb7 b4 48. Rc7 Rd6 49. Rxf7+ Kh6 50. Rf1 Rxd5 51. Ka2 Rd2+ 52. Kb1 h4 53. Rf4 Rd4 54. Rf1 h3 55. Ka2 Rd2+ 56. Kb1 h2 0-1

[Event "Aragon-chT Honor Gr I"]
[Site "Aragon"]
[Date "2022.01.29"]
[Round "1.30"]
[White "Ciriano Lamban, Alejandro"]
[Black "Bruna Barranco, Ignacio"]
[Result "1-0"]
[WhiteElo "2028"]
[BlackElo "1604"]
[PlyCount "53"]
[EventDate "2022.01.29"]
[EventType "team-tourn"]
[EventRounds "7"]
[EventCountry "ESP"]
[SourceTitle "EXT 2024"]
[Source "ChessBase"]
[SourceDate "2023.10.10"]
[SourceVersion "1"]
[SourceVersionDate "2023.10.10"]
[SourceQuality "1"]
[WhiteTeam "Marcos Frechin"]
[BlackTeam "Palacio de Pioneros II"]
[WhiteTeamCountry "ESP"]
[BlackTeamCountry "ESP"]

1. d4 d5 2. c4 c6 3. Nf3 Nf6 4. Nc3 dxc4 5. a4 Bf5 6. Bg5 Nbd7 7. e3 Qb6 8. Bxc4 Qxb2 9. Rc1 Qb4 10. Nd2 e6 11. 0-0 Be7 12. e4 Bg6 13. Qf3 Qa5 14. e5 Nd5 15. Bxe7 Nxe7 16. h4 h6 17. h5 Bh7 18. Bxe6 fxe6 19. Nc4 Qb4 20. Nd6+ Kd8 21. Nf7+ Kc7 22. Nb5+ Kb6 23. Nfd6 Nd5 24. Nc4+ Ka6 25. Qxd5 cxb5 26. axb5+ Qxb5 27. Ra1+ 1-0